[Event "Bundesliga 0001"]
[Site "Deutschland"]
[Date "2001.01.28"]
[Round "7.3"]
[White "Hodgson, Julian M"]
[Black "Lisanti, Andre"]
[Result "1-0"]
[WhiteElo "2640"]
[BlackElo "2300"]
[PlyCount "157"]
[EventDate "2000.10.14"]
[EventType "team"]
[EventRounds "15"]
[EventCountry "GER"]
[SourceTitle "Bundesliga 0001"]
[Source "DeepChess"]
[SourceDate "2005.01.01"]
[SourceVersion "1"]
[SourceVersionDate "2005.01.01"]
[SourceQuality "1"]
[WhiteTeam "Luebecker SV von 1873 "]
[BlackTeam "TSV Schott Mainz"]
[WhiteTeamCountry "GER"]
[BlackTeamCountry "GER"]

1. d4 Nf6 2. Bg5 c6 3. Nd2 Qb6 4. Ngf3 Qxb2 5. e4 Qc3 6. Bd3 h6 7. Be3 Na6 8.
O-O Nb4 9. Nc4 Nxd3 10. cxd3 b5 11. Rc1 Qb4 12. Rb1 Qa4 13. Qxa4 bxa4 14. Rb2
d5 15. Na5 dxe4 16. dxe4 Nxe4 17. Rfb1 f6 18. Rb8 Rxb8 19. Rxb8 Kd7 20. Ra8 a6
21. Ra7+ Ke8 22. Nxc6 g5 23. d5 e5 24. dxe6 Bxe6 25. Ra8+ Kd7 26. Nb8+ Ke7 27.
Rxa6 Bxa2 28. Rxa4 Bd5 29. Ra5 Bb7 30. Ra7 Nd6 31. Nc6+ Kd7 32. Na5 Kc8 33.
Nxb7 Nxb7 34. Nd4 Nd8 35. Nf5 Bb4 36. Bb6 Re8 37. h3 Re1+ 38. Kh2 Ne6 39. Nxh6
Bd6+ 40. g3 Rb1 41. Be3 Bc7 42. Ra6 Kd7 43. Nf5 Rd1 44. Kg2 Rd5 45. g4 Rd3 46.
Kf3 Be5 47. Ra7+ Nc7 48. Ke4 Rb3 49. Nd4 Rb4 50. Kd3 Rb1 51. Nf3 Bd6 52. Ke4
Rh1 53. Nd4 Rb1 54. Kf5 Be7 55. Kg6 Bd8 56. Kf7 Rb6 57. Nf5 Rb3 58. Ng3 Rb5 59.
Bd4 Rb3 60. Be3 Kc8 61. Ne4 Kb8 62. Nc5 Rb1 63. Nd7+ Kc8 64. Nxf6 Rh1 65. Bxg5
Rxh3 66. Ra4 Bxf6 67. Bxf6 Rf3 68. g5 Nd5 69. Rd4 Nf4 70. Rd2 Nh3 71. g6 Ng5+
72. Ke7 Ne4 73. Rc2+ Kb7 74. Bh4 Rf4 75. f3 Rxh4 76. fxe4 Rxe4+ 77. Kf6 Rf4+
78. Kg5 Rf1 79. Rg2 1-0

[Event "Bundesliga 0001"]
[Site "Deutschland"]
[Date "2001.01.28"]
[Round "7.4"]
[White "Bewersdorff, Oliver"]
[Black "De Firmian, Nick E"]
[Result "0-1"]
[WhiteElo "2364"]
[BlackElo "2567"]
[PlyCount "82"]
[EventDate "2000.10.14"]
[EventType "team"]
[EventRounds "15"]
[EventCountry "GER"]
[SourceTitle "Bundesliga 0001"]
[Source "DeepChess"]
[SourceDate "2005.01.01"]
[SourceVersion "1"]
[SourceVersionDate "2005.01.01"]
[SourceQuality "1"]
[WhiteTeam "TSV Schott Mainz"]
[BlackTeam "Luebecker SV von 1873 "]
[WhiteTeamCountry "GER"]
[BlackTeamCountry "GER"]

1. Nf3 c5 2. c4 Nc6 3. d4 cxd4 4. Nxd4 e6 5. Nc3 Nf6 6. Ndb5 Bb4 7. Bf4 O-O 8.
Bc7 Qe8 9. Bd6 Bxd6 10. Qxd6 Qd8 11. O-O-O Ne8 12. Qg3 a6 13. Nd6 Nxd6 14. Rxd6
b5 15. e3 Ne7 16. e4 b4 17. Na4 Bb7 18. Nc5 Bc6 19. Kb1 Qc7 20. Rd2 Qa7 21. Qe3
Rfd8 22. Re2 a5 23. Nb3 Qb7 24. Re1 a4 25. Nd4 e5 26. Nf3 d6 27. Bd3 Ng6 28. h4
Nf4 29. Rh2 f5 30. Nd2 b3 31. a3 Nxd3 32. Qxd3 Bxe4 33. Nxe4 fxe4 34. Rxe4 Qf7
35. Rh1 Qxf2 36. Re2 Qf7 37. Rd2 Rac8 38. Rc1 Rc5 39. Qe4 h6 40. g3 Rdc8 41.
Rxd6 Rxc4 0-1

[Event "Bundesliga 0001"]
[Site "Deutschland"]
[Date "2001.01.28"]
[Round "7.6"]
[White "Grafl, Florian"]
[Black "Hector, Jonny"]
[Result "0-1"]
[WhiteElo "2299"]
[BlackElo "2509"]
[PlyCount "56"]
[EventDate "2000.10.14"]
[EventType "team"]
[EventRounds "15"]
[EventCountry "GER"]
[SourceTitle "Bundesliga 0001"]
[Source "DeepChess"]
[SourceDate "2005.01.01"]
[SourceVersion "1"]
[SourceVersionDate "2005.01.01"]
[SourceQuality "1"]
[WhiteTeam "TSV Schott Mainz"]
[BlackTeam "Luebecker SV von 1873 "]
[WhiteTeamCountry "GER"]
[BlackTeamCountry "GER"]

1. e4 e5 2. f4 exf4 3. Nc3 Qh4+ 4. Ke2 d5 5. Nxd5 Bd6 6. d4 Nf6 7. Nf3 Bg4 8.
Nxf6+ gxf6 9. c3 Nc6 10. Kd2 Qh5 11. h3 Rg8 12. Be2 Bd7 13. Ne1 Qa5 14. Kc2
O-O-O 15. Rf1 f5 16. e5 Nxe5 17. dxe5 Bxe5 18. Bd2 Ba4+ 19. b3 Bc6 20. Kb2 Be4
21. Qc1 Qd5 22. Nf3 Rxg2 23. Nxe5 Rxe2 24. Nc4 b5 25. Na5 Rxd2+ 26. Ka3 Qd6+
27. b4 Rc2 28. Qe1 Qd3 0-1

[Event "Bundesliga 0001"]
[Site "Deutschland"]
[Date "2001.01.28"]
[Round "7.7"]
[White "Mortensen, Erling"]
[Black "Ottstadt, Ralph"]
[Result "1/2-1/2"]
[WhiteElo "2438"]
[BlackElo "2198"]
[PlyCount "76"]
[EventDate "2000.10.14"]
[EventType "team"]
[EventRounds "15"]
[EventCountry "GER"]
[SourceTitle "Bundesliga 0001"]
[Source "DeepChess"]
[SourceDate "2005.01.01"]
[SourceVersion "1"]
[SourceVersionDate "2005.01.01"]
[SourceQuality "1"]
[WhiteTeam "Luebecker SV von 1873 "]
[BlackTeam "TSV Schott Mainz"]
[WhiteTeamCountry "GER"]
[BlackTeamCountry "GER"]

1. e4 e6 2. d4 d5 3. Nc3 Nf6 4. e5 Nfd7 5. Nce2 c5 6. c3 Nc6 7. f4 cxd4 8. cxd4
Nb6 9. Nf3 Bd7 10. g4 h5 11. gxh5 Rxh5 12. Ng3 Rh8 13. h4 a5 14. a3 a4 15. Bh3
Na5 16. f5 Nb3 17. fxe6 Bxe6 18. Bxe6 fxe6 19. Bg5 Be7 20. Rb1 Kd7 21. Qd3 Qe8
22. Ne2 Nc4 23. Nf4 Bxg5 24. Nxg5 Rh6 25. h5 Ra6 26. Rh2 Rc6 27. Rd1 Qe7 28.
Rg2 Nxb2 29. Rxb2 Qxg5 30. Rf2 Rc4 31. Qf1 Qg3 32. Ne2 Qh4 33. Qg2 Rxh5 34.
Qxg7+ Kc6 35. Qf7 Qh1+ 36. Rf1 Qh4+ 37. Rf2 Qh1+ 38. Rf1 Qh4+ 1/2-1/2

[Event "Bundesliga 0001"]
[Site "Deutschland"]
[Date "2001.01.28"]
[Round "7.8"]
[White "Ramlow, Marcus"]
[Black "Cladouras, Panagiotis"]
[Result "1/2-1/2"]
[WhiteElo "2190"]
[BlackElo "2338"]
[PlyCount "87"]
[EventDate "2000.10.14"]
[EventType "team"]
[EventRounds "15"]
[EventCountry "GER"]
[SourceTitle "Bundesliga 0001"]
[Source "DeepChess"]
[SourceDate "2005.01.01"]
[SourceVersion "1"]
[SourceVersionDate "2005.01.01"]
[SourceQuality "1"]
[WhiteTeam "TSV Schott Mainz"]
[BlackTeam "Luebecker SV von 1873 "]
[WhiteTeamCountry "GER"]
[BlackTeamCountry "GER"]

1. d4 Nf6 2. Bg5 e6 3. e4 h6 4. Bxf6 Qxf6 5. Nc3 d6 6. Qd2 c6 7. f4 e5 8. dxe5
dxe5 9. fxe5 Qxe5 10. Nf3 Qd6 11. Bd3 Be6 12. e5 Qb4 13. O-O-O Be7 14. Qe2 Nd7
15. a3 Qa5 16. Bc4 Bxc4 17. Qxc4 Nxe5 18. Qd4 Nxf3 19. Qd7+ Kf8 20. Qxb7 Re8
21. gxf3 Bxa3 22. Rd7 Qxc3 23. bxa3 Qxa3+ 24. Kb1 Qxf3 25. Rhd1 Kg8 26. R7d3
Qf5 27. Rb3 Kh7 28. Qxc6 Rc8 29. Qg2 Rb8 30. Rdd3 Rhe8 31. Qd2 a5 32. Qc3 a4
33. Rb4 Rxb4+ 34. Qxb4 Qf1+ 35. Ka2 Re1 36. Qb2 Re2 37. Rg3 g6 38. Qc3 Qf5 39.
Rd3 Qe6+ 40. Kb2 Qb6+ 41. Ka2 Qe6+ 42. Kb2 Qb6+ 43. Ka2 Qe6+ 44. Kb2 1/2-1/2

[Event "Bundesliga 0001"]
[Site "Deutschland"]
[Date "2001.01.28"]
[Round "7.1"]
[White "Van der Sterren, Paul"]
[Black "Feygin, Michail"]
[Result "1-0"]
[WhiteElo "2569"]
[BlackElo "2482"]
[PlyCount "81"]
[EventDate "2000.10.14"]
[EventType "team"]
[EventRounds "15"]
[EventCountry "GER"]
[SourceTitle "Bundesliga 0001"]
[Source "DeepChess"]
[SourceDate "2005.01.01"]
[SourceVersion "1"]
[SourceVersionDate "2005.01.01"]
[SourceQuality "1"]
[WhiteTeam "SV Castrop Rauxel 1923"]
[BlackTeam "SC Hassel KS Gelsenkirchen"]
[WhiteTeamCountry "GER"]
[BlackTeamCountry "GER"]

1. c4 c5 2. Nf3 Nf6 3. Nc3 Nc6 4. g3 d5 5. d4 Bf5 6. Bg2 dxc4 7. d5 Na5 8. O-O
a6 9. Qe1 g6 10. e4 Bg4 11. Ne5 Bg7 12. f4 Bc8 13. Na4 b5 14. Nxc5 Nb7 15. Be3
Qc7 16. Qb4 O-O 17. Nxb7 Bxb7 18. a4 Nxe4 19. Bxe4 Bxe5 20. axb5 Bd6 21. b6
Bxb4 22. bxc7 Rfc8 23. Ra4 Bd6 24. Rxc4 Rxc7 25. Rxc7 Bxc7 26. d6 Bxe4 27. dxc7
Rc8 28. Bb6 Bf5 29. Rd1 h5 30. Rd8+ Kg7 31. Kf2 f6 32. Ke3 Kf7 33. Kd4 Bg4 34.
Kc5 e5 35. Kc6 Bf3+ 36. Kd6 Bg4 37. fxe5 fxe5 38. Kxe5 Ke7 39. Bc5+ Kf7 40. Kd6
Bf5 41. Kc6 1-0

[Event "Bundesliga 0001"]
[Site "Deutschland"]
[Date "2001.01.28"]
[Round "7.2"]
[White "Kishnev, Sergey"]
[Black "Rogers, Ian"]
[Result "1-0"]
[WhiteElo "2495"]
[BlackElo "2558"]
[PlyCount "61"]
[EventDate "2000.10.14"]
[EventType "team"]
[EventRounds "15"]
[EventCountry "GER"]
[SourceTitle "Bundesliga 0001"]
[Source "DeepChess"]
[SourceDate "2005.01.01"]
[SourceVersion "1"]
[SourceVersionDate "2005.01.01"]
[SourceQuality "1"]
[WhiteTeam "SC Hassel KS Gelsenkirchen"]
[BlackTeam "SV Castrop Rauxel 1923"]
[WhiteTeamCountry "GER"]
[BlackTeamCountry "GER"]

1. d4 Nf6 2. c4 g6 3. Nc3 Bg7 4. e4 O-O 5. Nf3 d6 6. Be2 Bg4 7. Be3 Nc6 8. Qb3
Bxf3 9. Bxf3 e5 10. dxe5 dxe5 11. Qxb7 Nd4 12. Bxd4 exd4 13. Nd5 Nxd5 14. Qxd5
Qe7 15. O-O Rfd8 16. Qa5 d3 17. Rad1 Bxb2 18. e5 Rab8 19. Bd5 Bxe5 20. Rfe1 Re8
21. g3 c5 22. Rxd3 Kg7 23. Rde3 f6 24. Ra3 Rb2 25. Qxa7 Qxa7 26. Rxa7+ Kh6 27.
Re4 g5 28. h4 g4 29. Rxg4 Bd4 30. Rf4 Rxf2 31. Rxd4 1-0

[Event "Bundesliga 0001"]
[Site "Deutschland"]
[Date "2001.01.28"]
[Round "7.3"]
[White "Gallagher, Joseph G"]
[Black "Kalka, Arkadius Georg"]
[Result "0-1"]
[WhiteElo "2514"]
[BlackElo "2378"]
[PlyCount "66"]
[EventDate "2000.10.14"]
[EventType "team"]
[EventRounds "15"]
[EventCountry "GER"]
[SourceTitle "Bundesliga 0001"]
[Source "DeepChess"]
[SourceDate "2005.01.01"]
[SourceVersion "1"]
[SourceVersionDate "2005.01.01"]
[SourceQuality "1"]
[WhiteTeam "SV Castrop Rauxel 1923"]
[BlackTeam "SC Hassel KS Gelsenkirchen"]
[WhiteTeamCountry "GER"]
[BlackTeamCountry "GER"]

1. e4 c5 2. Nf3 d6 3. d4 cxd4 4. Nxd4 Nf6 5. Nc3 g6 6. Be3 Bg7 7. f3 Nc6 8. Qd2
O-O 9. O-O-O Bd7 10. Kb1 Rc8 11. g4 Ne5 12. h4 b5 13. Ncxb5 Nxf3 14. Nxf3 Nxe4
15. Qe1 Bxg4 16. Bg2 Rb8 17. Bd4 Bxd4 18. Nfxd4 Bxd1 19. Qxe4 Bh5 20. Nc6 Qb6
21. a4 Rbe8 22. Nbxa7 e6 23. a5 Qf2 24. Rf1 Qg3 25. Bf3 Qh3 26. Qd3 Bxf3 27.
Qxf3 Qxh4 28. b4 e5 29. b5 Qc4 30. Qd3 Qc5 31. Re1 Ra8 32. b6 Rxa7 33. Nxa7
Qb4+ 0-1

[Event "Bundesliga 0001"]
[Site "Deutschland"]
[Date "2001.01.28"]
[Round "7.4"]
[White "Kotter, Ralf"]
[Black "Appel, Ralf"]
[Result "1/2-1/2"]
[WhiteElo "2369"]
[BlackElo "2481"]
[PlyCount "121"]
[EventDate "2000.10.14"]
[EventType "team"]
[EventRounds "15"]
[EventCountry "GER"]
[SourceTitle "Bundesliga 0001"]
[Source "DeepChess"]
[SourceDate "2005.01.01"]
[SourceVersion "1"]
[SourceVersionDate "2005.01.01"]
[SourceQuality "1"]
[WhiteTeam "SC Hassel KS Gelsenkirchen"]
[BlackTeam "SV Castrop Rauxel 1923"]
[WhiteTeamCountry "GER"]
[BlackTeamCountry "GER"]

1. e4 Nf6 2. e5 Nd5 3. d4 d6 4. Nf3 g6 5. Bc4 c6 6. O-O Bg7 7. h3 O-O 8. Re1
dxe5 9. Nxe5 Nd7 10. Nxd7 Qxd7 11. c3 b6 12. Nd2 Bb7 13. Nf3 Qd6 14. Bb3 e6 15.
Bg5 c5 16. Qd2 Ne7 17. Bxe7 Qxe7 18. d5 Rfd8 19. Rad1 Qf6 20. c4 b5 21. cxb5
exd5 22. Ne5 a6 23. Nc6 axb5 24. Nxd8 Rxd8 25. Qa5 c4 26. Bc2 Bc6 27. Qc7 Bf8
28. b3 Bc5 29. Qg3 d4 30. Be4 Bxe4 31. Rxe4 c3 32. Qd3 b4 33. Rde1 Kg7 34. Re8
Rd5 35. R8e4 Qf5 36. R1e2 Bd6 37. Re1 Be5 38. R1e2 Bf6 39. Re1 Qd7 40. Rd1 Qb5
41. Qxb5 Rxb5 42. Re2 h5 43. Kf1 h4 44. Rc2 Rg5 45. Re2 Rc5 46. Rc2 Rg5 47. Re2
Rc5 48. Rc2 Kf8 49. Ke2 Ke7 50. Kd3 Kd6 51. Re1 Be5 52. Re4 g5 53. Re1 Kd5 54.
Rce2 f6 55. Rc2 Rc8 56. Rce2 Rc7 57. Rc2 Rg7 58. f3 Rc7 59. Rce2 Rc8 60. Rc2
Rc6 61. Ree2 1/2-1/2

[Event "Bundesliga 0001"]
[Site "Deutschland"]
[Date "2001.01.28"]
[Round "7.5"]
[White "Hoffmann, Michael"]
[Black "Meessen, Rudolf"]
[Result "0-1"]
[WhiteElo "2458"]
[BlackElo "2306"]
[PlyCount "66"]
[EventDate "2000.10.14"]
[EventType "team"]
[EventRounds "15"]
[EventCountry "GER"]
[SourceTitle "Bundesliga 0001"]
[Source "DeepChess"]
[SourceDate "2005.01.01"]
[SourceVersion "1"]
[SourceVersionDate "2005.01.01"]
[SourceQuality "1"]
[WhiteTeam "SV Castrop Rauxel 1923"]
[BlackTeam "SC Hassel KS Gelsenkirchen"]
[WhiteTeamCountry "GER"]
[BlackTeamCountry "GER"]

1. e4 e6 2. d4 d5 3. Nd2 Nf6 4. e5 Nfd7 5. Bd3 c5 6. c3 Nc6 7. Ne2 Qb6 8. Nf3
cxd4 9. cxd4 f6 10. exf6 Nxf6 11. O-O Bd6 12. b3 O-O 13. Bf4 Bxf4 14. Nxf4 g6
15. Bc2 Ne4 16. g3 Rf6 17. Re1 Nd6 18. Qd2 Nf5 19. Bxf5 Rxf5 20. Qe3 Bd7 21.
Nd3 Rxf3 22. Qxf3 Nxd4 23. Qd1 Rf8 24. Re3 Nc6 25. Rc1 d4 26. Rf3 Re8 27. Nc5
Ne5 28. Rf4 Bc6 29. h4 Qd8 30. Ne4 Rf8 31. Rxf8+ Qxf8 32. Ng5 Qd6 33. Qg4 Nxg4
0-1

[Event "Bundesliga 0001"]
[Site "Deutschland"]
[Date "2001.01.28"]
[Round "7.6"]
[White "Ahn, Martin"]
[Black "Dinstuhl, Volkmar"]
[Result "1/2-1/2"]
[WhiteElo "2265"]
[BlackElo "2412"]
[PlyCount "110"]
[EventDate "2000.10.14"]
[EventType "team"]
[EventRounds "15"]
[EventCountry "GER"]
[SourceTitle "Bundesliga 0001"]
[Source "DeepChess"]
[SourceDate "2005.01.01"]
[SourceVersion "1"]
[SourceVersionDate "2005.01.01"]
[SourceQuality "1"]
[WhiteTeam "SC Hassel KS Gelsenkirchen"]
[BlackTeam "SV Castrop Rauxel 1923"]
[WhiteTeamCountry "GER"]
[BlackTeamCountry "GER"]

1. e4 c5 2. Nf3 d6 3. d4 cxd4 4. Nxd4 Nf6 5. Nc3 a6 6. f4 e5 7. Nf3 Nbd7 8. a4
Be7 9. Bd3 O-O 10. O-O Nc5 11. Kh1 d5 12. Nxe5 Ncxe4 13. Nxe4 dxe4 14. Bc4 Qc7
15. b3 Be6 16. Bb2 Rad8 17. Qe2 Bxc4 18. Nxc4 Rfe8 19. a5 Qc8 20. Rad1 Rxd1 21.
Qxd1 Rd8 22. Qe2 Qf5 23. Be5 Qe6 24. h3 Re8 25. Rd1 Qc6 26. Nd6 Rd8 27. Nf5
Rxd1+ 28. Qxd1 Qe6 29. Ne3 Nd7 30. Nc4 f6 31. Bd4 Qd5 32. Qd2 Bc5 33. Bxc5 Qxd2
34. Nxd2 Nxc5 35. Kg1 f5 36. Kf2 Kf7 37. Ke3 Ke6 38. Nc4 Nd7 39. Kd4 Nb8 40.
Kc5 Nd7+ 41. Kd4 Nb8 42. b4 g6 43. c3 h5 44. g3 Nd7 45. Ne3 Nf6 46. c4 Nd7 47.
c5 Nb8 48. Kc4 Nc6 49. b5 Na7 50. b6 Nc6 51. Kc3 Nxa5 52. Kb4 Nc6+ 53. Kc4 Ne7
54. Nc2 Nc6 55. Ne3 Ne7 1/2-1/2

[Event "Bundesliga 0001"]
[Site "Deutschland"]
[Date "2001.01.28"]
[Round "7.7"]
[White "Brendel, Oliver"]
[Black "Hille, Ralph Ingo"]
[Result "1-0"]
[WhiteElo "2394"]
[BlackElo "2244"]
[PlyCount "49"]
[EventDate "2000.10.14"]
[EventType "team"]
[EventRounds "15"]
[EventCountry "GER"]
[SourceTitle "Bundesliga 0001"]
[Source "DeepChess"]
[SourceDate "2005.01.01"]
[SourceVersion "1"]
[SourceVersionDate "2005.01.01"]
[SourceQuality "1"]
[WhiteTeam "SV Castrop Rauxel 1923"]
[BlackTeam "SC Hassel KS Gelsenkirchen"]
[WhiteTeamCountry "GER"]
[BlackTeamCountry "GER"]

1. e4 Nc6 2. Nf3 Nf6 3. Nc3 d5 4. e5 Nd7 5. d4 Nb6 6. a3 Bf5 7. Nh4 Bd7 8. f4
e6 9. Nf3 a6 10. Be2 Na7 11. O-O c5 12. Be3 Qc7 13. Kh1 O-O-O 14. a4 Nc4 15.
Bxc4 dxc4 16. Qe2 cxd4 17. Bxd4 Kb8 18. Bg1 Be7 19. Ne4 f5 20. Nd6 Bxd6 21.
exd6 Qxd6 22. Ne5 Qe7 23. Nxc4 Bc6 24. Qe5+ Qc7 25. Bxa7+ 1-0

[Event "Bundesliga 0001"]
[Site "Deutschland"]
[Date "2001.01.28"]
[Round "7.8"]
[White "Van der Veen, Heinz"]
[Black "Lemmers, Oscar"]
[Result "0-1"]
[WhiteElo "2230"]
[BlackElo "2392"]
[PlyCount "80"]
[EventDate "2000.10.14"]
[EventType "team"]
[EventRounds "15"]
[EventCountry "GER"]
[SourceTitle "Bundesliga 0001"]
[Source "DeepChess"]
[SourceDate "2005.01.01"]
[SourceVersion "1"]
[SourceVersionDate "2005.01.01"]
[SourceQuality "1"]
[WhiteTeam "SC Hassel KS Gelsenkirchen"]
[BlackTeam "SV Castrop Rauxel 1923"]
[WhiteTeamCountry "GER"]
[BlackTeamCountry "GER"]

1. e4 c5 2. Nc3 Nc6 3. g3 g6 4. Bg2 Bg7 5. d3 d6 6. f4 e6 7. Nf3 Nge7 8. O-O
O-O 9. Be3 Nd4 10. e5 dxe5 11. fxe5 Nef5 12. Bf2 Nxf3+ 13. Qxf3 Nd4 14. Qd1
Bxe5 15. Ne4 f5 16. Nxc5 Qc7 17. b4 Bg7 18. c3 Nb5 19. Rc1 Rb8 20. Qb3 Qf7 21.
Be3 Nc7 22. d4 b6 23. Nd3 Bb7 24. Bf4 Bxg2 25. Kxg2 Rbc8 26. Be5 Nd5 27. Rfe1
Bh6 28. Bf4 g5 29. Bd2 f4 30. g4 Bg7 31. Ne5 f3+ 32. Kf2 Qf6 33. Rh1 b5 34. h4
gxh4 35. g5 Qf5 36. Rxh4 Bxe5 37. dxe5 Qd3 38. Qd1 Rc4 39. Rxc4 Qxc4 40. a4
Qh4+ 0-1

[Event "Bundesliga 0001"]
[Site "Deutschland"]
[Date "2001.01.28"]
[Round "7.2"]
[White "Bischoff, Klaus"]
[Black "Bunzmann, Dimitrij"]
[Result "1-0"]
[WhiteElo "2556"]
[BlackElo "2484"]
[PlyCount "47"]
[EventDate "2000.10.14"]
[EventType "team"]
[EventRounds "15"]
[EventCountry "GER"]
[SourceTitle "Bundesliga 0001"]
[Source "DeepChess"]
[SourceDate "2005.01.01"]
[SourceVersion "1"]
[SourceVersionDate "2005.01.01"]
[SourceQuality "1"]
[WhiteTeam "SK Koenig Plauen"]
[BlackTeam "SF Neukoelln 03 e.V."]
[WhiteTeamCountry "GER"]
[BlackTeamCountry "GER"]

1. Nf3 Nf6 2. c4 e6 3. g3 a6 4. b3 b5 5. Nc3 b4 6. Na4 Bb7 7. Bg2 Be7 8. O-O
O-O 9. d4 d5 10. cxd5 Bxd5 11. Bg5 Nbd7 12. Rc1 Bd6 13. e3 Qb8 14. Bxf6 Nxf6
15. Nd2 Bxg2 16. Kxg2 Rd8 17. Qf3 Qb5 18. Nc4 Rac8 19. Rc2 Bf8 20. Rfc1 Nd7 21.
Nd2 Qa5 22. Ne4 h6 23. Nec5 Bxc5 24. Rxc5 1-0

[Event "Bundesliga 0001"]
[Site "Deutschland"]
[Date "2001.01.28"]
[Round "7.3"]
[White "Berndt, Stephan"]
[Black "Gdanski, Jacek"]
[Result "1-0"]
[WhiteElo "2478"]
[BlackElo "2557"]
[PlyCount "81"]
[EventDate "2000.10.14"]
[EventType "team"]
[EventRounds "15"]
[EventCountry "GER"]
[SourceTitle "Bundesliga 0001"]
[Source "DeepChess"]
[SourceDate "2005.01.01"]
[SourceVersion "1"]
[SourceVersionDate "2005.01.01"]
[SourceQuality "1"]
[WhiteTeam "SF Neukoelln 03 e.V."]
[BlackTeam "SK Koenig Plauen"]
[WhiteTeamCountry "GER"]
[BlackTeamCountry "GER"]

1. e4 e6 2. d4 d5 3. Nc3 Bb4 4. e5 b6 5. a3 Bf8 6. Nf3 Qd7 7. Bb5 c6 8. Ba4 Ba6
9. Ne2 Bb5 10. Bb3 c5 11. c3 Ne7 12. O-O Ng6 13. h4 Be7 14. g3 Nc6 15. Re1 Qb7
16. h5 Nf8 17. h6 Bxe2 18. Qxe2 g6 19. Bf4 Nd7 20. Rad1 c4 21. Bc2 b5 22. Bg5
Nb6 23. Qe3 a5 24. Qf4 Bxg5 25. Nxg5 Qe7 26. Ra1 O-O 27. Qd2 b4 28. a4 Nd8 29.
f4 b3 30. Bd1 Qd7 31. Bf3 Nxa4 32. g4 Nb6 33. Bg2 a4 34. Ra3 f6 35. exf6 Rxf6
36. Nf3 Qf7 37. Ne5 Qf8 38. Rf1 Nf7 39. Qe3 Nxe5 40. dxe5 d4 41. Qxd4 1-0

[Event "Bundesliga 0001"]
[Site "Deutschland"]
[Date "2001.01.28"]
[Round "7.4"]
[White "Boensch, Uwe"]
[Black "Brynell, Stellan"]
[Result "1-0"]
[WhiteElo "2558"]
[BlackElo "2484"]
[PlyCount "79"]
[EventDate "2000.10.14"]
[EventType "team"]
[EventRounds "15"]
[EventCountry "GER"]
[SourceTitle "Bundesliga 0001"]
[Source "DeepChess"]
[SourceDate "2005.01.01"]
[SourceVersion "1"]
[SourceVersionDate "2005.01.01"]
[SourceQuality "1"]
[WhiteTeam "SK Koenig Plauen"]
[BlackTeam "SF Neukoelln 03 e.V."]
[WhiteTeamCountry "GER"]
[BlackTeamCountry "GER"]

1. d4 d5 2. c4 Nc6 3. cxd5 Qxd5 4. e3 e5 5. Nc3 Bb4 6. Bd2 Bxc3 7. bxc3 Nf6 8.
c4 Qd6 9. d5 Ne7 10. Qb3 O-O 11. Bb4 c5 12. dxc6 Qc7 13. Qa3 Re8 14. Bd6 Qd8
15. c7 Qd7 16. Rd1 Qe6 17. Nf3 Nc6 18. Be2 b6 19. O-O Bb7 20. c5 Ne4 21. Rb1
bxc5 22. Bxc5 Qc8 23. Bd6 Nxd6 24. Qxd6 Re6 25. Qc5 Qxc7 26. Bc4 Re7 27. Rfc1
Rc8 28. Bd5 h6 29. h3 Ba8 30. Rc4 Qd8 31. Rd1 Qe8 32. Rdc1 Rec7 33. Qa3 Qd8 34.
e4 Nd4 35. Rxc7 Rxc7 36. Rxc7 Bxd5 37. Qe7 Qxe7 38. Rxe7 Nxf3+ 39. gxf3 Bxa2
40. Rxe5 1-0

[Event "Bundesliga 0001"]
[Site "Deutschland"]
[Date "2001.01.28"]
[Round "7.5"]
[White "Borriss, Martin"]
[Black "Kindermann, Stefan"]
[Result "0-1"]
[WhiteElo "2439"]
[BlackElo "2519"]
[PlyCount "102"]
[EventDate "2000.10.14"]
[EventType "team"]
[EventRounds "15"]
[EventCountry "GER"]
[SourceTitle "Bundesliga 0001"]
[Source "DeepChess"]
[SourceDate "2005.01.01"]
[SourceVersion "1"]
[SourceVersionDate "2005.01.01"]
[SourceQuality "1"]
[WhiteTeam "SF Neukoelln 03 e.V."]
[BlackTeam "SK Koenig Plauen"]
[WhiteTeamCountry "GER"]
[BlackTeamCountry "GER"]

1. e4 e6 2. d4 d5 3. Nc3 Bb4 4. e5 c5 5. a3 Bxc3+ 6. bxc3 Ne7 7. Nf3 Qc7 8. a4
h6 9. g3 b6 10. Bb5+ Bd7 11. Bd3 Nbc6 12. Qd2 O-O 13. O-O f6 14. Re1 fxe5 15.
Nxe5 Nxe5 16. dxe5 Bc6 17. f4 Nf5 18. Qf2 Qe7 19. a5 d4 20. c4 h5 21. Qe2 g6
22. Bd2 Qb7 23. Be4 Bxe4 24. Qxe4 Qxe4 25. Rxe4 Rfb8 26. axb6 axb6 27. Ree1
Rxa1 28. Rxa1 b5 29. cxb5 Rxb5 30. Ra8+ Kf7 31. Rc8 Ke7 32. Rxc5 Rxc5 33. Bb4
Kd7 34. Bxc5 Kc6 35. Ba7 Kd5 36. Kf2 Ne3 37. c3 Ng4+ 38. Ke2 dxc3 39. h3 c2 40.
Kd2 Nh6 41. Kxc2 Ke4 42. Bf2 Kf3 43. Be1 Kg2 44. g4 Kxh3 45. f5 gxf5 46. gxh5
Kg4 47. Kd3 Kxh5 48. Ke3 Kg4 49. Ba5 f4+ 50. Ke4 Nf7 51. Bb6 Ng5+ 0-1

[Event "Bundesliga 0001"]
[Site "Deutschland"]
[Date "2001.01.28"]
[Round "7.6"]
[White "Espig, Lutz"]
[Black "Polzin, Rainer"]
[Result "1-0"]
[WhiteElo "2401"]
[BlackElo "2465"]
[PlyCount "75"]
[EventDate "2000.10.14"]
[EventType "team"]
[EventRounds "15"]
[EventCountry "GER"]
[SourceTitle "Bundesliga 0001"]
[Source "DeepChess"]
[SourceDate "2005.01.01"]
[SourceVersion "1"]
[SourceVersionDate "2005.01.01"]
[SourceQuality "1"]
[WhiteTeam "SK Koenig Plauen"]
[BlackTeam "SF Neukoelln 03 e.V."]
[WhiteTeamCountry "GER"]
[BlackTeamCountry "GER"]

1. Nf3 Nf6 2. c4 g6 3. d4 Bg7 4. g3 O-O 5. Bg2 d6 6. O-O Nbd7 7. Qc2 e5 8. Rd1
Re8 9. dxe5 dxe5 10. e4 c6 11. h3 Qc7 12. Be3 Bf8 13. c5 b6 14. b4 bxc5 15.
bxc5 Qa5 16. Rc1 Ba6 17. Nbd2 Rab8 18. Nb3 Qa4 19. Nfd2 Rb4 20. a3 Rb7 21. Qc3
Reb8 22. Na5 Rb2 23. Nac4 Bxc4 24. Nxc4 R2b5 25. Nxe5 Bg7 26. Qd4 Qxd4 27. Bxd4
Nxe5 28. Bxe5 Re8 29. f4 Nd7 30. Bxg7 Kxg7 31. e5 Rc8 32. Rc3 Nxc5 33. Rac1 Nb3
34. Rxc6 Rd8 35. Rb1 Rd3 36. Bf1 Rxg3+ 37. Kh2 Nd2 38. Bxb5 1-0